| 000 | 00757nam a2200193 a 4500 | ||
|---|---|---|---|
| 003 | 0 | ||
| 005 | 20250305152315.0 | ||
| 008 | 101013s19uu xx 00 eng d | ||
| 050 |
_aPHS HQ 755.8 _b.Su1 2010 |
||
| 100 | _aSurrier, Kevin Charles Louis P. | ||
| 245 |
_aThe effects of parenting styles to the self-discipline of HS IV students / _cKevin Charles Louis P. Surrier. |
||
| 260 |
_aLas PiƱas City, Philippines : _bSouthville International School and Colleges, _c2010. |
||
| 300 |
_a26 pages : _billustrations ; _c30 cm. |
||
| 504 | _aIncludes bibliographical references. | ||
| 650 |
_aParenting styles _xPsychological aspects. |
||
| 650 | _aSelf-discipline in adolescence. | ||
| 650 |
_aParent and child _xPsychological aspects. |
||
| 942 |
_2lcc _cPASS |
||
| 999 |
_c98446 _d98446 |
||